Statistics for Scotland's seven cities

Click here to take the quiz!

General Stats

  • This quiz has been taken 1,144 times
  • The average score is 6 of 7

Answer Stats

HintAnswer% Correct
Scotland's capitalEdinburgh
99%
Scotland's biggest cityGlasgow
99%
The granite cityAberdeen
95%
Also a city in Western AustraliaPerth
93%
Gateway to the HighlandsInverness
92%
City of discoveryDundee
85%
Ancient capital of ScotlandStirling
62%

Score Distribution

Percentile by Number Answered

Percent of People with Each Score

Your Score History

You have not taken this quiz